000 00355pam a2200157a 44500
008 230515b1991 xxu||||| |||| 00| 0 eng d
020 _aNULL
041 _aENGL
082 _a624 /KUL
100 _aKULKARNI S.B.
245 _aELEMENTS OF CIVIL ENGINEERING(ATA)
250 _aN.D.
260 _aNULL
_bATA
_c1991
300 _a109 PB
650 _aNULL
999 _c623366
_d623366